000 00274nam a2200109Ia 4500
008 200302s9999 xx 000 0 und d
100 _aBangert Verlag
245 _aInternational Interiors Design Ausgabe 3
260 _bCalmann & King Ltd.
260 _c1993
300 _a256 P.,
999 _c889
_d889